00263nam a2200085Ia 4500008004100000100003100041245007000072260002700142300000800169201217s9999 xx 000 0 und d aBotkin, Daniel B. [et al.} 0aChanging the global Environment :perspective on human involvement aBostonbAcademic Press a450